Top 5 des plus grosses banques canadiennes - Statistiques

Statistiques générales
  • Ce quiz a été pris 5 fois
  • Le résultat moyen est 2 sur 5
Statistiques - réponses
Capitalisation boursière Banque % Correct
287 milliards Banque royale du Canada (RBC)
80%
194 milliards Banque Toronto-Dominion (TD Bank)
60%
124 milliards Banque de Montréal (BMO)
40%
110 milliards Banque canadienne impériale du commerce (CIBC)
20%
116 milliards Banque Scotia (Bank Scotia)
20%
Aucun quiz correspondant
Distribution des résultats
% des personnes avec chaque résultat
Percentile par nombre de réponses
Votre historique - résultats
Vous n’avez pas pris ce quiz